Inovačný proces vybraného podnikateľského subjektu Slovenskej republiky diplomová práca

Saved in:
Bibliographic Details
Main Author: Jančovičová, Tatiana
Corporate Author: Fakulta podnikového manažmentu EU. Katedra podnikovohospodárska
Other Authors: Raková, Monika, 1991-
Format: Book
Language:Slovak
Published: Bratislava 2020
Tags: Add Tag
No Tags, Be the first to tag this record!

MARC

LEADER 00000nbm a2200000 4500
001 0266209
005 20201126150711.8
041 0 |a slo 
044 |a SK 
245 1 0 |a Inovačný proces vybraného podnikateľského subjektu Slovenskej republiky  |b diplomová práca  |c Tatiana Jančovičová ; školiteľ: Monika Raková 
264 1 |a Bratislava  |c 2020 
300 |a 66 s. 
100 1 |a Jančovičová, Tatiana 
700 1 |a Raková, Monika, 1991- 
710 2 |a Fakulta podnikového manažmentu EU. Katedra podnikovohospodárska